00655nam a22001817a 4500003000900000008004100009040007100050082002000121245007200141260005200213300004400265440003400309505006000343650002400403650001500427650001300442700001800455AR-CdUCM190425b ||||| |||| 00| 0 spa d aMUNICIPALIDAD PROVINCIAL DEL CUSCOcBIBLIOTECA MUNICIPAL DEL CUSCO aSur/N°214/1992 aSur :bsemanario regional surandino /cGuido Delran Cousy, Director aCusco.bCentro Bartolomé de las Casas,c1992. a8 páginas. :bilustraciones ;c29 cm. aSur.nAño XIV, N°214,1992. aContenido: Tiempos difíciles. -- Primera lectura. ... aSociedad cusqueña aPolítica aSiglo XX aDelran, Guido